Highway law : a practical guide (Record no. 101636)
[ view plain ]
| 000 -LEADER | |
|---|---|
| fixed length control field | 00324cam a2200133 4500 |
| 008 - FIXED-LENGTH DATA ELEMENTS--GENERAL INFORMATION | |
| fixed length control field | 010921n2001 000 0 eng u |
| 020 ## - INTERNATIONAL STANDARD BOOK NUMBER | |
| International Standard Book Number | 1858112672 |
| 035 ## - SYSTEM CONTROL NUMBER | |
| System control number | (Sirsi) u114700 |
| 110 ## - MAIN ENTRY--CORPORATE NAME | |
| Corporate name or jurisdiction name as entry element | 2 Mitre Court Buildings |
| 245 ## - TITLE STATEMENT | |
| Title | Highway law : a practical guide |
| 260 ## - PUBLICATION, DISTRIBUTION, ETC. | |
| Name of publisher, distributor, etc. | Emis |
| Date of publication, distribution, etc. | 2001 |
| 350 ## - PRICE (NR) (BK AM CF MU VM SE) [OBSOLETE] | |
| Price | 28.00 |
| 942 ## - ADDED ENTRY ELEMENTS (KOHA) | |
| Suppress in OPAC | 0 |
No items available.